Z historie centrálního bankovnictví v Bělorusku, Moldávii a na Ukrajině

Ďalšie pokračovanie článku z histórie centrálnych bánk, tentoraz vývoj finančného sektora a centrálnych bánk v Bielorusku, Moldavsku a na Ukrajine.

Guardado en:
Detalles Bibliográficos
Autor principal: Kalabis, Zbyněk
Formato: Capítulo de libro
Lenguaje:checo
Materias:
Etiquetas: Agregar Etiqueta
Sin Etiquetas, Sea el primero en etiquetar este registro!

MARC

LEADER 00000naa a2200000 4500
001 0228010
005 20170309133358.7
041 0 |a cze 
044 |a CZ 
245 1 0 |a Z historie centrálního bankovnictví v Bělorusku, Moldávii a na Ukrajině  |c Zbyněk Kalabis 
520 |a Ďalšie pokračovanie článku z histórie centrálnych bánk, tentoraz vývoj finančného sektora a centrálnych bánk v Bielorusku, Moldavsku a na Ukrajine. 
610 2 0 |a história 
610 2 0 |a dejiny 
610 2 0 |a banky centrálne 
610 2 0 |a bankovníctvo 
610 2 0 |a politika menová 
610 2 0 |a nástroje bankové 
610 2 0 |a služby bankové 
610 2 0 |a služby finančné 
100 1 |a Kalabis, Zbyněk